000
00184nam a22000857a 4500
003
SGT
245
_a
ANNALS OF CLINICAL BIOCHEMISTRY
260
_a
UK
_b
SAGE
_c
2017 TO 2020
942
_2
ddc
_c
BV
999
_c
24334
_d
24334